00526nam a2200193Ia 4500008004100000041001200041082001200053100004500065245004100110260003500151300000800186365000800194520001200202546001200214630004100226650001200267655001200279730004100291101110s9999 xx 000 0 und d aENGLISH bSR33174 aBhole K.G., Sharoff Adarsh, Ranade Abhay aA New course in physics Vol.II SYBSC c2010bSheth publishres, Mumbai a222 b115 aPhysics aENGLISH aA New course in physics Vol.II SYBSC aPhysics aPhysics aA New course in physics Vol.II SYBSC